LEADER 00864nam0-22002891i-450- 001 990006154090403321 005 19980601 035 $a000615409 035 $aFED01000615409 035 $a(Aleph)000615409FED01 035 $a000615409 100 $a19980601d1955----km-y0itay50------ba 105 $a--------00-yy 200 1 $aIn tema di esercizio della servitu' di veduta$fBiondo Biondi. 210 $aRoma$cSocieta' Ed. de "Il Foro Italiano"$d1955 215 $a1_5 p.$d24 cm 463 $d$1200$a"Il Foro Italiano", Vol. LXXVIII, fasc. V-VI" 676 $a346.0435 700 1$aBiondi,$bBiondo$0184339 801 0$aIT$bUNINA$gRICA$2UNIMARC 901 $aBK 912 $a990006154090403321 952 $aB.SOL.BUSTA B 119$b64375$fFGBC 959 $aFGBC 996 $aIn tema di esercizio della servitu' di veduta$9645399 997 $aUNINA DB $aGIU01 LEADER 00786nam0-22002891i-450- 001 990003051380403321 035 $a000305138 035 $aFED01000305138 035 $a(Aleph)000305138FED01 035 $a000305138 100 $a20000920d--------km-y0itay50------ba 101 0 $aita 102 $aIT 200 1 $a<>doctrina del gran espacio economico$fGerman Bernacer. 210 $aMadrid$cAguilar$d\( \\s.a.). 215 $axxxix, 192 p.$d19 cm 610 0 $aEconomia internazionale 676 $aO/1.33 702 1$aBernácer,$bGermán 801 0$aIT$bUNINA$gRICA$2UNIMARC 901 $aBK 912 $a990003051380403321 952 $aO/1.33 BER$b05359$fSES 959 $aSES 996 $aDoctrina del gran espacio economico$9462913 997 $aUNINA DB $aING01 LEADER 01159nam--2200349---450 001 990000697630203316 005 20200615074530.0 010 $a3-598-20676-3 035 $a0069763 035 $aUSA010069763 035 $a(ALEPH)000069763USA01 035 $a0069763 100 $a20011019d1996----km-y0itay0103----ba 101 $aeng 101 $afre 102 $aDE 105 $a||||||||001yy 200 1 $aIFLA annual, 1995$eproceedings of the 61th General Conference$eInstabul, 1993$eannual reports$dActes de la 61čme Session du Conseil et de la Conférence générale : Instanbul, 1995 : rapports annuels 210 $aMünchen$cSaur$d1996 215 $a24 cm 300 $aIn testa al frontespizio: International Federation of Library Association and Institutions 410 $12001 606 0 $aBibliotecari$xAssociazioni$xCongressi$z1996 676 $a020.621 710 12$aIFLA General Conference <61 ; 1995 ; Instanbul>$0549059 801 0$aIT$bsalbc$gISBD 912 $a990000697630203316 951 $aI.2.B. 357(IL i V 61)$b12859 G$cIL i V 959 $aBK 969 $aGIU 996 $aIFLA annual, 1995$9961794 997 $aUNISA